00396nam a2200169Ia 4500003000400000005001700004008004100021020001500062040000700077041000800084082001700092100002300109245003100132260004000163300001100203365001200214OSt20230405103728.0210423s2007 xx 000 0 und d a8130904446 cAL aeng a809.935 BLOH aBLOOM (Harold),Ed. aViva blooms notes beowulf. aNew DelhibViva Books Pvt Ltdc2007 a77bPB b70cINR